One Hundred 1960s Albums - Statistics

General Stats
  • This quiz has been taken 143 times
  • The average score is 48 of 100
Answer Stats
Picture Answer % Correct
The Beatles - Revolver
99%
David Bowie - David Bowie [Space Oddity]
93%
Led Zeppelin - Led Zeppelin
93%
Aretha Franklin - Aretha Now
90%
Jimi Hendrix Experience - Axis: Bold as Love
90%
Simon & Garfunkel - Sounds of Silence
90%
The Rolling Stones - Let It Bleed
90%
Bob Dylan - Bringing It All Back Home
89%
The Beach Boys - Pet Sounds
89%
The Doors - The Doors
88%
Elvis Presley - From Elvis in Memphis
87%
Johnny Cash - I Walk the Line
87%
Frank Sinatra - Strangers in the Night
85%
Ray Charles - Modern Sounds in Country and Western Music
85%
Stevie Wonder - For Once in My Life
85%
The Who - My Generation
83%
The Supremes - Where Did Our Love Go
80%
Nina Simone - Pastel Blues
74%
Cream - Disreali Gears
73%
King Crimson - In the Court of the Crimson King
72%
Miles Davis - In a Silent Way
72%
The Mama's and the Papa's - If You Can Believe Your Eyes and Ears
71%
Creedence Clearwater Revival - Green River
67%
Leonard Cohen - Songs of Leonard Cohen
67%
The Kinks - The Kinks Are the Village Green Preservation Society
67%
Jackson 5 - Diana Ross Presents the Jackson 5
65%
Pink Floyd - The Piper at the Gates of Dawn
65%
Van Morrison - Astral Weeks
64%
Thelonious Monk - Monk's Dream
63%
Dusty Springfield - Dusty in Memphis
62%
Etta James - At Last
61%
John Coltrane - A Love Supreme
61%
Jefferson Airplane - Surrealistic Pillow
60%
Sam Cooke - Ain't That Good News
60%
Neil Young / Crazy Horse - Everybody Knows This Is Nowhere
59%
Sonny & Cher - Look at Us
59%
The Stooges - The Stooges
58%
Marvin Gaye - In The Groove
57%
The Monkees - The Monkees
57%
The Velvet Underground - The Velvet Underground
57%
Janis Joplin - I Got Dem Ol' Kozmic Blues Again Mama!
56%
The Animals - The Animals
56%
Otis Redding - Otis Blue: Otis Redding Sings Soul
54%
Dean Martin - This Time I'm Swingin'!
53%
The Byrds - Mr. Tambourine Man
51%
Duke Ellington / Louis Armstrong - Recording Together for the First Time
49%
Four Tops - Four Tops Second Album
49%
The Everly Brothers - A Date With The Everly Brothers
49%
Crosby, Stills & Nash - Crosby, Stills & Nash
48%
Glen Campbell - Gentle on My Mind
48%
The Temptations - Cloud Nine
48%
Donovan - Sunshine Superman
47%
The Band - Songs From the Big Pink
47%
Nick Drake - Five Leaves Left
46%
Love - Forever Changes
45%
Nico - Chelsea Girl
45%
Chicago - Chicago Transit Authority
43%
The Zombies - Odessey and Oracle
43%
Smokey Robinson & the Miracles - Going to a Go-Go
42%
The Righteous Brothers - Just Once in My Life
41%
Ike & Tina Turner - River Deep - Mountain High
40%
Sly & the Family Stone - Stand
39%
The Mothers of Invention - Freak Out
39%
The Four Seasons - Big Girls Don't Cry and Twelve Others
37%
The Yardbirds - Having a Rave Up With the Yardbirds
36%
Isaac Hayes - Hot Buttered Soul
34%
James Brown - Say It Loud - I'm Black and I'm Proud
34%
Moody Blues - Days of Future Passed
34%
Joan Baez - Joan Baez
32%
Lee Hazlewood / Nancy Sinatra - Nancy Lee
30%
Charles Mingus - Blues and Roots
29%
Muddy Waters - Folk Singer
28%
Roy Orbison - Crying
26%
Tony Bennett - I Left My Heart in San Francisco
24%
Brenda Lee - Brenda Lee
23%
Martha & the Vandellas - Dance Party
23%
MC5 - Kick out the Jams
22%
Leslie Gore - I'll Cry if I Want To
21%
Laura Nyro - Eli and the Thirteenth Confession
20%
Sam & Dave - Soul Men
20%
Iron Butterfly - In-a-Gadda-Da-Vida
19%
Townes Van Zandt - Townes Van Zandt
19%
The Dave Clark Five - Glad All Over
18%
Herb Alpert - Whipped Cream & Other Delights
17%
Pharoah Sanders - Karma
17%
Tiny Tim - God Bless Tiny Tim
17%
The Impressions - This Is My Country
16%
Bee Gees - Bee Gees' 1st
15%
Del Shannon - Runaway
14%
Steppenwolf - Steppenwolf
14%
Blood, Sweat & Tears - Blood, Sweat & Tears
13%
Roberta Flack - First Take
13%
Merle Haggard - Strangers
12%
Canned Heat - Boogie with Canned Heat
11%
Eric Dolphy - Out to Lunch
10%
The Sonics - Here Are the Sonics!!!
10%
Grand Funk Railroad - Grand Funk
9%
Solomon Burke - Rock N' Soul
9%
The Ventures - Walk Don't Run
5%
Lee Morgan - The Sidewinder
3%
No matching quizzes found
Score Distribution
Percent of People with Each Score
Percentile by Number Answered
Your Score History
You have not taken this quiz